00995nam a22002657a 45000010005000000030006000050050017000110080041000280400030000690420009000990500025001080820012001331000033001452450087001782500041002652600035003063000039003415050007003805200167003875210018005545210018005726500056005906500054006467000029007007318FISKH20250709114230.0230301b cb ||||| |||| 00| 0 eng d aDLCcDLCdDLCdFISKHbeng alcac00aPZ7.S68524bErt 198200a8132191 aSobol, Donald Jd(1924-2012)10aEncyclopedia Brown sets the pace /cDonald J. Sobol ; illustrations by Ib Ohlsson. aThis edition first published in 1982 aNew York :bScholastic,c1982 a89 pages :billustrations,c20 cm. aR  aMore mysterious cases for "America's Sherlock Holmes in sneakers" to solve for the standard twenty-five-cent fee. Solutions are included at the back of the book. 8 a660 bLexile 8 aN bRaz-Plus  1aMystery and detective stories.2Chapter Book Series 1aDetective and mystery stories2Encyclopedia Brown aOhlsson, Ibdillustrator